Online
Catalog
Normal view MARC view

Entry Nombre personal

Number of records used in: 17

001 - NÚMERO DE CONTROL

  • campo de control: 20628

003 - IDENTIFICADOR DEL NÚMERO DE CONTROL

  • campo de control: BNPHU

005 - FECHA Y HORA DE LA ÚLTIMA TRANSACCIÓN

  • campo de control: 20240826125436.0

008 - DATOS DE LONGITUD FIJA

  • campo de control de longitud fija: 200615|| aca||aabn | a|a d

010 ## - NÚMERO DE CONTROL DE LA BIBLIOTECA DEL CONGRESO

  • Número de control de LC: n 87873682

024 ## - IDENTIFICADOR DE OTROS ESTÁNDARES

  • Fuente del número o código: viaf
  • Número estándar o código: 55677131

040 ## - FUENTE DE LA CATALOGACIÓN

  • Centro catalogador/agencia de origen: DO-SdBNP
  • Lengua de catalogación: spa
  • Centro/agencia transcriptor: DO-SdBNP
  • Normas de descripción: rda

046 ## - FECHAS CON CODIFICACIÓN ESPECIAL

  • Fecha de nacimiento: 25031957

100 1# - ENCABEZAMIENTO-NOMBRE DE PERSONA

  • Nombre de persona: González, Geraldino,
  • Fechas asociadas al nombre: 1957-

370 ## - LUGAR ASOCIADO

  • Lugar de nacimiento: Las Barias, Baní, (República Dominicana)

374 ## - OCUPACIÓN

  • Ocupación: Periodista
  • Ocupación: Escritor
  • Ocupación: Productor de televisión
  • Ocupación: Investigador

375 ## - GÉNERO/SEXO

  • Género/Sexo: Masculino

377 ## - LENGUA/LENGUAJE ASOCIADO

  • Término de lengua/lenguaje: Español
  • Código del idioma: spa

400 1# - TRAZADO DE VÉASE--NOMBRE DE PERSONA

  • Nombre de persona: González, Geraldino,
  • Numeración: 1957

670 ## - FUENTE DE DATOS ENCONTRADOS

  • Cita de la fuente: Lagunas, humedales y lagos de la República Dominicana, 2024
  • Información encontrada: Tomado de la cubierta posterior de un libro

670 ## - FUENTE DE DATOS ENCONTRADOS

  • Cita de la fuente: https://authorities.loc.gov/cgi-bin/Pwebrecon.cgi?AuthRecID=4384083&v1=1&HC=1&SEQ=20240820110846&PID=Y78dIpwjMDjOap2HyEPdfR3UyFk73 Consultado en : 20 de agosto, 2024

670 ## - FUENTE DE DATOS ENCONTRADOS

  • Cita de la fuente: https://enfoca2digital.com/trayectoria-del-periodista-geraldino-gonzalez/ Consultado en : 20 de agosto, 2024

Powered by Koha